Loading...
| Fine Arts - Other | 0 | 2 | 0 | 0 | 20 | 128 | 134.50 | 1 | 2 | 0.00 | 0.00 |
| Pop Culture | 0 | 2 | 0 | 1 | 20 | 135 | 137.00 | 0 | 2 | 0.00 | 0.00 |
| Philosophy | 0 | 1 | 0 | 0 | 10 | 130 | 130.00 | 0 | 1 | 0.00 | 0.00 |
| Fine Arts - Visual | 0 | 1 | 0 | 0 | 10 | 129 | 129.00 | 0 | 1 | 0.00 | 0.00 |
| History - American | 1 | 0 | 1 | 0 | 10 | 72 | 72.00 | 1 | 1 | 0.00 | 0.00 |
| Literature - British | 0 | 0 | 0 | 0 | 0 | 0.00 | 0 | 0 | 0.00 | 0.00 | |
| Religion | 0 | 0 | 0 | 0 | 0 | 0.00 | 0 | 0 | 0.00 | 0.00 | |
| Literature - American | 0 | 0 | 0 | 0 | 0 | 0.00 | 0 | 0 | 0.00 | 0.00 | |
| Science - Biology | 0 | 0 | 1 | 0 | -5 | 0.00 | 0 | 0 | 0.00 | 0.00 | |
| Literature - European | 0 | 0 | 1 | 0 | -5 | 0.00 | 0 | 0 | 0.00 | 0.00 | |
| Other Academic | 0 | 0 | 1 | 0 | -5 | 0.00 | 0 | 0 | 0.00 | 0.00 | |
| History - World | 0 | 1 | 4 | 0 | -10 | 93 | 93.00 | 1 | 1 | 0.00 | 0.00 |